Paroles - Starmania - Ego trip - Statistiques

Statistiques générales
  • Ce quiz a été pris 40 fois
    37 depuis la dernière actualisation
  • Le résultat moyen est 125 sur 157
Statistiques - réponses
Réponse % Correct
à
96%
Moi
96%
moi
96%
On
96%
on
96%
de
91%
Ego
91%
ego
91%
et
91%
la
91%
pour
91%
trip
91%
deux
87%
est
87%
je
87%
le
87%
mon
87%
pourquoi
87%
Pourquoi
87%
Toi
87%
toi
87%
tu
87%
bien
83%
fais
83%
l'amour
83%
les
83%
mélanger
83%
n'a
83%
partager
83%
qu'une
83%
ton
83%
vie
83%
vivre
83%
c'est
78%
fait
78%
métier
78%
moitié
78%
pas
78%
s'aime
78%
se
78%
si
78%
tout
78%
arriver
74%
Faut
74%
fins
74%
l'est
74%
pitié
74%
plus
74%
Quand
74%
que
74%
qu'on
74%
tes
74%
Chacun
70%
du
70%
en
70%
mais
70%
malheureux
70%
m'fais
70%
Sans
70%
son
70%
sur
70%
jamais
65%
même
65%
pieds
65%
s'marcher
65%
temps
65%
t'sers
65%
veux-tu
65%
avec
61%
Comment
61%
comment
61%
n'est
61%
parce
61%
tous
61%
content
57%
j'suis
57%
n'arrive
57%
peut
57%
s'aimer
57%
c'qu'on
52%
heureux
52%
rendre
52%
soi-même
52%
n'aime
48%
Oui
43%
pouvoir
39%
Aucun quiz correspondant
Distribution des résultats
% des personnes avec chaque résultat
Percentile par nombre de réponses
Votre historique - résultats
Vous n’avez pas pris ce quiz depuis la dernière actualisation